Svetové právne systémy

Podrobná bibliografia
Hlavní autori: Štefanovič, Milan, 1927-2018 (Autor), Kalesná, Katarína, 1959- (Autor), Hruškovič, Ivan, 1955- (Autor)
Médium: Kniha
Jazyk:slovenčina
Fyzický popis:143 s. 20 cm
Vydavateľské údaje: Bratislava Právnická fakulta Univerzity Komenského 1990
Predmet:

MARC

LEADER 00000nam a2200000 a 4500
001 vtls001405146
003 SK-MaSNL
005 20260319130741.0
008 240509s1990 xo a r 0 slo
020 |c b.c. 
035 |a SNK000359751 
040 |a SNK  |b slo  |c SNK  |e AACR2 
044 |a xo  |c SK 
080 |a 340.5(100)(075.8)  |2 2. slo 
100 1 |a Štefanovič, Milan,  |d 1927-2018  |4 aut  |9 190111 
245 1 |a Svetové právne systémy  |c [autori] M. Štefanovič, K. Kalesná, I. Hruškovič 
260 |a Bratislava  |b Právnická fakulta Univerzity Komenského  |c 1990 
300 |a 143 s.  |c 20 cm 
650 0 7 |a systémy právne  |2 SNK  |9 462296 
655 7 |a Textbooks (higher)  |2 SNKPHeng  |9 276436 
655 7 |a učebnice vysokých škôl  |2 SNKPH  |9 70191 
700 1 |a Kalesná, Katarína,  |d 1959-  |4 aut  |9 207922 
700 1 |a Hruškovič, Ivan,   |d 1955-  |4 aut  |9 1635172 
958 |a OND 
999 |c 724956  |d 726886 
952 |t P60, <03>, [BOOK], {603}  |a SNK  |b SNK  |y PREZ  |7 0  |p 17A0266131  |o snkSD 71338  |i snkD 124/2001  |0 0  |1 0  |4 0  |d 2001-01-18  |l 0  |r 2005-01-02 00:00:00  |w 2026-02-23 
952 |t P60, <04>, [BOOK], {604}  |a SNK  |b SNK  |y VYP  |7 0  |p 17A0266130  |o snkSD 71338 D1  |i snkD 125/2001  |0 0  |1 0  |4 0  |d 2001-01-18  |l 0  |r 2005-01-02 00:00:00  |w 2026-02-23